International Trade Policy
| Príomhchruthaitheoir: | |
|---|---|
| Formáid: | Anaithnid |
| Foilsithe / Cruthaithe: |
Macmillan
|
| Eagrán: | Latest edition |
| LEADER | 00217 a2200097 4500 | ||
|---|---|---|---|
| 020 | |a 9780333312537 | ||
| 100 | |a David Greenaway | ||
| 245 | |a International Trade Policy | ||
| 250 | |a Latest edition | ||
| 260 | |b Macmillan | ||
| 999 | |c 39310 |d 39310 | ||